[Event "33 Open Andorra Hotel St.Gothard "]
[Site "Erts-La Massana"]
[Date "2015.07.19"]
[Round "2.9"]
[White "Demuth, Adrien"]
[Black "Romero Calduch, Sergio"]
[Result "1-0"]
[WhiteElo "2531"]
[BlackElo "2172"]
[PlyCount "67"]
[EventDate "2015.??.??"]

1. Nf3 Nf6 2. c4 d5 3. cxd5 Nxd5 4. d4 g6 5. e4 Nb6 6. Nc3 Bg7 7. Qb3 O-O 8.
Be3 Bg4 9. O-O-O Nc6 10. d5 Ne5 11. h3 Bxf3 12. gxf3 a5 13. f4 a4 14. Qb4 Ned7
15. e5 a3 16. b3 Nb8 17. h4 Na6 18. Qb5 Qd7 19. Qe2 Rad8 20. Bh3 Qe8 21. Kb1
Nb4 22. Bxb6 cxb6 23. h5 Rc8 24. Bxc8 Qxc8 25. Qc4 Qf5+ 26. Qe4 Rc8 27. Qxf5
gxf5 28. Rd4 Rxc3 29. Rxb4 Bh6 30. Rg1+ Kf8 31. d6 exd6 32. exd6 Ke8 33. d7+
Kd8 34. Ra4 1-0

[Event "33 Open Andorra Hotel St.Gothard "]
[Site "Erts-La Massana"]
[Date "2015.07.19"]
[Round "2.11"]
[White "Kogan, Artur"]
[Black "Garcia Paolicchi, Raul"]
[Result "1-0"]
[WhiteElo "2526"]
[BlackElo "2158"]
[PlyCount "61"]
[EventDate "2015.??.??"]

1. e4 c5 2. Nf3 e6 3. Nc3 a6 4. d4 cxd4 5. Nxd4 Qc7 6. Be2 b5 7. O-O Bb7 8. Re1
Nc6 9. Nxc6 dxc6 10. e5 Rd8 11. Bd3 c5 12. Qh5 g6 13. Qh3 Bg7 14. Bg5 Rd7 15.
Be4 Rd4 16. Qf3 Bxe4 17. Rxe4 Ne7 18. Rxd4 cxd4 19. Ne4 Bxe5 20. Nf6+ Bxf6 21.
Qxf6 Rg8 22. Qxd4 h6 23. Bf4 Qc8 24. a4 g5 25. Be5 Nd5 26. axb5 axb5 27. Qd3
Qc6 28. Qh7 Ne7 29. Bf6 Rf8 30. Qxh6 Ng8 31. Rd1 1-0

[Event "33 Open Andorra Hotel St.Gothard "]
[Site "Erts-La Massana"]
[Date "2015.07.19"]
[Round "2.12"]
[White "Gelis, Dorian"]
[Black "Narciso Dublan, Marc"]
[Result "0-1"]
[WhiteElo "2166"]
[BlackElo "2521"]
[PlyCount "92"]
[EventDate "2015.??.??"]

1. e4 d6 2. d4 Nf6 3. Nc3 g6 4. Bf4 a6 5. Qd2 b5 6. f3 Nbd7 7. O-O-O Bb7 8. Kb1
e5 9. dxe5 dxe5 10. Be3 c6 11. g4 Qc7 12. g5 Nh5 13. Bh3 Rd8 14. Bxd7+ Rxd7 15.
Qxd7+ Qxd7 16. Rxd7 Kxd7 17. Nge2 Bd6 18. Nc1 Ng7 19. Nd3 Ne6 20. h4 c5 21. Nf2
Nd4 22. Rh3 f5 23. h5 Rf8 24. hxg6 hxg6 25. Rh7+ Kc8 26. Rg7 Nxf3 27. Rxg6 f4
28. Bc1 Be7 29. Rg7 Bxg5 30. Nd3 Bf6 31. Rh7 Ng5 32. Rh5 Nxe4 33. Nxe4 Bxe4 34.
Nxc5 Bg6 35. Rh6 Bf5 36. Nxa6 f3 37. Be3 e4 38. Rh5 Be5 39. Nc5 Bg3 40. Nb3 f2
41. Nd2 Bh3 42. c4 f1=Q+ 43. Nxf1 Bxf1 44. cxb5 Bd3+ 45. Kc1 Rf1+ 46. Kd2 Be1+
0-1

[Event "33 Open Andorra Hotel St.Gothard "]
[Site "Erts-La Massana"]
[Date "2015.07.19"]
[Round "2.14"]
[White "Aloma Vidal, Robert"]
[Black "Picart, Laurent"]
[Result "1-0"]
[WhiteElo "2451"]
[BlackElo "2142"]
[PlyCount "37"]
[EventDate "2015.??.??"]

1. d4 Nf6 2. Bg5 Ne4 3. Bf4 d5 4. e3 c5 5. Bd3 Nc6 6. Bxe4 dxe4 7. d5 e5 8. Bg3
Nb4 9. Nc3 Bd6 10. a3 Na6 11. Nxe4 Bf5 12. Nxd6+ Qxd6 13. Ne2 O-O 14. O-O c4
15. Nc3 Nc5 16. Qe2 Rac8 17. e4 Bg6 18. Rae1 f6 19. Qxc4 1-0

[Event "33 Open Andorra Hotel St.Gothard "]
[Site "Erts-La Massana"]
[Date "2015.07.19"]
[Round "2.15"]
[White "Nieves Cabanes, Javier"]
[Black "Pulvett Marin, Daniel"]
[Result "0-1"]
[WhiteElo "2141"]
[BlackElo "2446"]
[PlyCount "70"]
[EventDate "2015.??.??"]

1. e4 c5 2. Nf3 d6 3. d4 cxd4 4. Nxd4 Nf6 5. Nc3 a6 6. g3 e5 7. Nb3 Nbd7 8. Bg2
b6 9. O-O Bb7 10. Re1 Rc8 11. a4 Be7 12. a5 b5 13. Nd5 Nxd5 14. exd5 O-O 15.
Be3 Rc7 16. Qd2 Qa8 17. Red1 Nf6 18. Bg5 h6 19. Bxf6 Bxf6 20. Nc1 Bg5 21. Qe2
f5 22. Na2 e4 23. Nb4 Qa7 24. h4 Bf6 25. c3 Be5 26. Qe3 Qxe3 27. fxe3 Bxg3 28.
h5 f4 29. Bxe4 fxe3 30. Rd3 Re7 31. Kg2 Bf2 32. Bf3 Re5 33. Be2 Rg5+ 34. Kh2
Bg3+ 35. Kh1 Rf2 0-1

[Event "33 Open Andorra Hotel St.Gothard "]
[Site "Erts-La Massana"]
[Date "2015.07.19"]
[Round "2.16"]
[White "Kalegin, Evgenij"]
[Black "Sanchez Dengra, Jose Maria"]
[Result "1-0"]
[WhiteElo "2445"]
[BlackElo "2137"]
[PlyCount "85"]
[EventDate "2015.??.??"]

1. e4 c5 2. Nf3 e6 3. g3 d6 4. Bg2 Nf6 5. Qe2 Be7 6. O-O O-O 7. c3 Nc6 8. d4
Qc7 9. dxc5 dxc5 10. e5 Nd7 11. Bf4 Rb8 12. c4 a6 13. Nc3 b5 14. Nd5 Qa7 15.
Nxe7+ Nxe7 16. b3 Bb7 17. Rfd1 Bc6 18. g4 Qb7 19. Rd6 Ng6 20. Bg3 bxc4 21. bxc4
Nb6 22. h4 Nxc4 23. Rxc6 Qxc6 24. Qxc4 Rb4 25. Qc2 Qa4 26. Qxa4 Rxa4 27. g5 Rc8
28. h5 Nf4 29. Bxf4 Rxf4 30. Rc1 Rc7 31. Rc3 h6 32. g6 fxg6 33. Bh3 Kf7 34.
hxg6+ Ke7 35. Kg2 Ra4 36. Kg3 Rxa2 37. Nd4 Rd2 38. Nxe6 Rc6 39. Rf3 c4 40. Rf7+
Ke8 41. Nxg7+ Kd8 42. Ne6+ Ke8 43. Rf8+ 1-0

[Event "33 Open Andorra Hotel St.Gothard "]
[Site "Erts-La Massana"]
[Date "2015.07.19"]
[Round "2.17"]
[White "Orteu Capdevila, Max"]
[Black "Barbot, Pierre"]
[Result "0-1"]
[WhiteElo "2136"]
[BlackElo "2445"]
[PlyCount "60"]
[EventDate "2015.??.??"]

1. e4 c5 2. Nf3 Nc6 3. d4 cxd4 4. Nxd4 Nf6 5. Nc3 d6 6. Bg5 Qb6 7. Nb3 e6 8.
Bf4 Ne5 9. Be3 Qc7 10. f4 Nc6 11. g4 a6 12. g5 Nd7 13. Qd2 b5 14. a3 Bb7 15.
Bg2 Nb6 16. Bxb6 Qxb6 17. O-O-O Be7 18. Rhe1 Na5 19. Nxa5 Qxa5 20. Qd4 O-O 21.
h4 Rac8 22. f5 Rc4 23. Qd3 d5 24. exd5 Bxa3 25. bxa3 Rxc3 26. Qd4 Rxa3 27. Kb1
Bxd5 28. Bxd5 exd5 29. f6 Ra4 30. Qe5 d4 0-1

[Event "33 Open Andorra Hotel St.Gothard "]
[Site "Erts-La Massana"]
[Date "2015.07.19"]
[Round "2.19"]
[White "Dubois, Pierre"]
[Black "Bernal Moro, Luis Javier"]
[Result "0-1"]
[WhiteElo "2112"]
[BlackElo "2435"]
[PlyCount "76"]
[EventDate "2015.??.??"]

1. e4 c5 2. Nc3 Nc6 3. Nge2 e6 4. g3 Nge7 5. Bg2 Nd4 6. Nxd4 cxd4 7. Ne2 Nc6 8.
d3 Bc5 9. O-O e5 10. c4 d6 11. f4 Be6 12. a3 Bxc4 13. fxe5 Nxe5 14. dxc4 d3+
15. Kh1 dxe2 16. Qxe2 a5 17. Bf4 a4 18. Rad1 Qe7 19. Rd5 O-O 20. Rfd1 f6 21.
Be3 Bxe3 22. Qxe3 Nxc4 23. Qd4 Rfc8 24. Bf1 Ne5 25. Rxd6 Rc6 26. Qd5+ Kf8 27.
Bb5 Rxd6 28. Qxd6 Qxd6 29. Rxd6 Rc8 30. Bxa4 Rc4 31. Bb3 Rxe4 32. Rb6 Re1+ 33.
Kg2 Re2+ 34. Kh3 Rxb2 35. Rxb7 h5 36. Bd5 Rd2 37. Be6 Nf3 38. g4 h4 0-1

[Event "33 Open Andorra Hotel St.Gothard "]
[Site "Erts-La Massana"]
[Date "2015.07.19"]
[Round "2.20"]
[White "Antoli Royo, Joaquin Miguel"]
[Black "Gil Quilez, Sonia"]
[Result "1-0"]
[WhiteElo "2430"]
[BlackElo "2101"]
[PlyCount "73"]
[EventDate "2015.??.??"]

1. e4 c5 2. Nf3 Nc6 3. c3 d5 4. exd5 Qxd5 5. d4 e6 6. Be2 Nf6 7. O-O Be7 8. c4
Qd6 9. dxc5 Qxd1 10. Rxd1 Bxc5 11. Nc3 O-O 12. a3 a5 13. Bf4 Nd7 14. Nb5 e5 15.
Bg3 f6 16. Bd3 Nb6 17. Be4 Bg4 18. h3 Bxf3 19. Bxf3 Nd4 20. Bxb7 Rab8 21. Be4
Rfd8 22. Nc7 Rbc8 23. Na6 Bf8 24. c5 Nd5 25. Bxd5+ Rxd5 26. b4 Rcd8 27. Kf1 Nb3
28. Rxd5 Rxd5 29. Re1 Rd8 30. f4 e4 31. Bf2 f5 32. b5 g5 33. b6 gxf4 34. c6 e3
35. Bxe3 fxe3 36. c7 Re8 37. b7 1-0

[Event "33 Open Andorra Hotel St.Gothard "]
[Site "Erts-La Massana"]
[Date "2015.07.20"]
[Round "3.1"]
[White "Bernal Moro, Luis Javier"]
[Black "Tkachiev, Vladislav"]
[Result "1/2-1/2"]
[WhiteElo "2435"]
[BlackElo "2661"]
[PlyCount "22"]
[EventDate "2015.??.??"]

1. c4 e5 2. Nc3 Nf6 3. Nf3 Nc6 4. e3 Bb4 5. Qb3 d6 6. a3 Bxc3 7. Qxc3 Bg4 8. d3
Bxf3 9. gxf3 Qd7 10. Bd2 a5 11. Rg1 O-O 1/2-1/2

[Event "33 Open Andorra Hotel St.Gothard "]
[Site "Erts-La Massana"]
[Date "2015.07.20"]
[Round "3.2"]
[White "Granda Zuniga, Julio E"]
[Black "Antoli Royo, Joaquin Miguel"]
[Result "1-0"]
[WhiteElo "2652"]
[BlackElo "2430"]
[PlyCount "71"]
[EventDate "2015.??.??"]

1. c4 c5 2. Nc3 Nc6 3. g3 g6 4. Bg2 Bg7 5. e3 Nh6 6. Nge2 Nf5 7. a3 O-O 8. Rb1
d6 9. b4 Bd7 10. O-O Rb8 11. b5 Na5 12. d3 b6 13. Qc2 Bc8 14. Nf4 Bb7 15. Bh3
Bc8 16. Bg2 Bb7 17. Be4 Bxe4 18. dxe4 Nh6 19. Nce2 Ng4 20. Bd2 Nb7 21. Rfd1 Qd7
22. Kg2 Ne5 23. Bc3 Qg4 24. Ng1 Rbe8 25. Qa2 Qc8 26. Qe2 Nd7 27. Bxg7 Kxg7 28.
Nd5 Nf6 29. Qb2 Kg8 30. Qc2 Nxd5 31. Rxd5 f5 32. Nf3 fxe4 33. Qxe4 Nd8 34. Ng5
Qb7 35. f3 Nf7 36. Nxh7 1-0

[Event "33 Open Andorra Hotel St.Gothard "]
[Site "Erts-La Massana"]
[Date "2015.07.20"]
[Round "3.3"]
[White "Roser, Kevin"]
[Black "Vovk, Yuri"]
[Result "0-1"]
[WhiteElo "2403"]
[BlackElo "2632"]
[PlyCount "82"]
[EventDate "2015.??.??"]

1. e4 c5 2. Nf3 e6 3. d4 cxd4 4. Nxd4 Nf6 5. Nc3 d6 6. Be2 Be7 7. f4 O-O 8. O-O
Nc6 9. Be3 Bd7 10. Nb3 a6 11. a4 Na5 12. Qe1 Nxb3 13. cxb3 Bc6 14. Bf3 Re8 15.
a5 d5 16. e5 Nd7 17. Qf2 Bb4 18. Rfd1 Bxa5 19. Ne2 Bb4 20. Nd4 Rc8 21. Qg3 Bc5
22. Kh1 Nf8 23. Rdc1 Bxd4 24. Bxd4 Ng6 25. Be2 Bb5 26. Bxb5 axb5 27. Rc3 Qd7
28. Qf2 b4 29. Rc5 Rxc5 30. Bxc5 Qb5 31. Ra4 Rc8 32. Be3 Qd3 33. h3 Qxb3 34.
Ra7 Ne7 35. Rxb7 Nf5 36. Bc5 Ng3+ 37. Kh2 Ne4 38. Qe3 Qxb2 39. Rxb4 Qc2 40. Bd6
h6 41. Rb3 Nd2 0-1

[Event "33 Open Andorra Hotel St.Gothard "]
[Site "Erts-La Massana"]
[Date "2015.07.20"]
[Round "3.4"]
[White "Iturrizaga Bonelli, Eduardo"]
[Black "Berkovich, Mark A"]
[Result "1-0"]
[WhiteElo "2625"]
[BlackElo "2376"]
[PlyCount "75"]
[EventDate "2015.??.??"]

1. Nf3 Nf6 2. c4 b6 3. g3 Bb7 4. Bg2 e6 5. O-O Be7 6. d4 O-O 7. d5 exd5 8. Nh4
Ne4 9. cxd5 Nd6 10. Nf3 Bf6 11. Nc3 Na6 12. Nd4 Nb4 13. Nb3 a5 14. a3 Na6 15.
e4 Re8 16. Re1 c6 17. Bf4 Nc4 18. dxc6 dxc6 19. Qc2 b5 20. Rad1 Qb6 21. Nd2
Nxd2 22. Rxd2 b4 23. Na4 Qb5 24. e5 c5 25. Rd6 Bxg2 26. Kxg2 c4 27. Qd1 Qb7+
28. Kg1 Be7 29. Rb6 Qc8 30. e6 f6 31. Qd5 c3 32. bxc3 bxa3 33. Rb7 g5 34. Bc1
Nc5 35. Rxe7 Nxa4 36. Rxe8+ Qxe8 37. e7+ Kg7 38. Bxa3 1-0

[Event "33 Open Andorra Hotel St.Gothard "]
[Site "Erts-La Massana"]
[Date "2015.07.20"]
[Round "3.5"]
[White "Brochet, Philippe"]
[Black "Vovk, Andrey"]
[Result "1-0"]
[WhiteElo "2378"]
[BlackElo "2621"]
[PlyCount "122"]
[EventDate "2015.??.??"]

1. e4 c5 2. Nc3 d6 3. d4 cxd4 4. Qxd4 Nc6 5. Bb5 Bd7 6. Qd3 Rc8 7. Nf3 g6 8.
Be3 Nf6 9. O-O-O Qa5 10. a3 Bg7 11. Nd5 Nxd5 12. exd5 Bf5 13. Qb3 O-O 14. Bd3
Bxd3 15. Rxd3 Ne5 16. Nxe5 Bxe5 17. Bd4 Bxd4 18. Rxd4 Rc7 19. Kb1 Rfc8 20. Rc1
b5 21. Qe3 Rc4 22. Re4 Rxe4 23. Qxe4 Qd2 24. Qxe7 Qxd5 25. g3 Qc5 26. Qe3 Qxe3
27. fxe3 Re8 28. Re1 f5 29. Kc1 Kf7 30. Kd2 g5 31. a4 bxa4 32. Ra1 Re4 33. b3
Ke6 34. bxa4 a5 35. Kd3 Rb4 36. h3 h5 37. Ra3 h4 38. c3 Re4 39. g4 d5 40. gxf5+
Kxf5 41. Rb3 Rxa4 42. Rb5 Ke5 43. c4 Rxc4 44. Rxa5 Rb4 45. Ra8 Rb3+ 46. Ke2
Rb2+ 47. Kd3 Rh2 48. Re8+ Kf5 49. Rf8+ Kg6 50. Rg8+ Kh6 51. Rh8+ Kg7 52. Rd8
Rxh3 53. Rxd5 Rg3 54. Ke4 Kg6 55. Rd8 Kh5 56. Kf5 Rf3+ 57. Ke4 Rf1 58. Rh8+ Kg4
59. Kd5 h3 60. e4 Kg3 61. e5 h2 1-0

[Event "33 Open Andorra Hotel St.Gothard "]
[Site "Erts-La Massana"]
[Date "2015.07.20"]
[Round "3.6"]
[White "Guichard, Pauline"]
[Black "Gozzoli, Yannick"]
[Result "0-1"]
[WhiteElo "2353"]
[BlackElo "2567"]
[PlyCount "68"]
[EventDate "2015.??.??"]

1. d4 d5 2. c4 c6 3. Nc3 Nf6 4. cxd5 cxd5 5. Bf4 Nc6 6. e3 a6 7. Bd3 Bg4 8.
Nge2 e6 9. f3 Bh5 10. O-O Be7 11. Rc1 O-O 12. Na4 Nd7 13. a3 Rc8 14. Rc3 Bg6
15. Bxg6 hxg6 16. Qc2 Na5 17. Rc1 Rxc3 18. Naxc3 Nc4 19. e4 Nf6 20. Bg5 b5 21.
e5 Nd7 22. Bxe7 Qxe7 23. a4 b4 24. Nd1 b3 25. Qxb3 Rb8 26. Qd3 Qb4 27. Nec3
Nxb2 28. Nxb2 Qxb2 29. Rb1 Qa3 30. Rxb8+ Nxb8 31. Qc2 Qb4 32. Kf1 Qc4+ 33. Ke1
Nc6 34. Qd2 Nxd4 0-1

[Event "33 Open Andorra Hotel St.Gothard "]
[Site "Erts-La Massana"]
[Date "2015.07.20"]
[Round "3.7"]
[White "Lagarde, Maxime"]
[Black "Trigo Urquijo, Sergio"]
[Result "1/2-1/2"]
[WhiteElo "2544"]
[BlackElo "2358"]
[PlyCount "123"]
[EventDate "2015.??.??"]

1. d4 Nf6 2. c4 d6 3. Nc3 e5 4. d5 Nbd7 5. e4 Nc5 6. f3 a5 7. Be3 Be7 8. Qd2
O-O 9. O-O-O Nh5 10. Nge2 f5 11. exf5 Rxf5 12. Kb1 Rf7 13. Ng3 Nxg3 14. hxg3
Bf5+ 15. Ka1 b6 16. Bxc5 bxc5 17. Bd3 Bg5 18. Qc2 Qf6 19. Bxf5 Qxf5 20. Qxf5
Rxf5 21. Rd3 Rff8 22. Re1 Kf7 23. Ne4 Be7 24. Rb3 Rfb8 25. Rxb8 Rxb8 26. Re3
Rb4 27. Rc3 Ke8 28. a3 Rb6 29. Ka2 a4 30. Re3 Kd7 31. g4 Rb8 32. g3 Rf8 33. Kb1
Rb8 34. Nc3 Bg5 35. Rd3 Ra8 36. Kc2 h6 37. Kd1 Ke7 38. Nb5 Kd7 39. Nc3 Ke7 40.
Kc2 Kd7 41. Ne4 Rb8 42. Rc3 Rb7 43. b3 Rb8 44. bxa4 Ra8 45. Rd3 Rxa4 46. Kb3
Ra8 47. Nc3 Rb8+ 48. Nb5 Ra8 49. a4 Ra5 50. Nc3 Ra8 51. Kc2 Bf6 52. Re3 Bg5 53.
Re1 Bf6 54. Ra1 e4 55. fxe4 Ra5 56. Ra3 Bxc3 57. Kxc3 Ke7 58. e5 dxe5 59. Kd3
Kf6 60. Ke4 Kg5 61. Kxe5 Ra6 62. Rf3 1/2-1/2

[Event "33 Open Andorra Hotel St.Gothard "]
[Site "Erts-La Massana"]
[Date "2015.07.20"]
[Round "3.8"]
[White "Jolly, Jean-Francois"]
[Black "Demuth, Adrien"]
[Result "0-1"]
[WhiteElo "2345"]
[BlackElo "2531"]
[PlyCount "46"]
[EventDate "2015.??.??"]

1. c4 f5 2. g3 Nf6 3. Bg2 g6 4. d3 d6 5. e4 e5 6. h4 h6 7. h5 g5 8. exf5 Bxf5
9. Bxb7 Nbd7 10. Bxa8 Qxa8 11. Qf3 Qxf3 12. Nxf3 Bxd3 13. Nbd2 Bg7 14. a4 O-O
15. Nh2 e4 16. Ra2 Ne5 17. b3 Nfg4 18. Ndf1 Bb1 19. Re2 Nxf2 20. Rg1 Nfd3+ 21.
Kd1 Nxc1 22. Kxc1 Bd3 23. Ra2 Nc6 0-1

[Event "33 Open Andorra Hotel St.Gothard "]
[Site "Erts-La Massana"]
[Date "2015.07.20"]
[Round "3.9"]
[White "Arizmendi Martinez, Julen Luis"]
[Black "Trepat Herranz, Joan"]
[Result "1/2-1/2"]
[WhiteElo "2529"]
[BlackElo "2351"]
[PlyCount "129"]
[EventDate "2015.??.??"]

1. d4 Nf6 2. c4 e6 3. Nc3 Bb4 4. e3 O-O 5. Bd3 d5 6. Nf3 c5 7. cxd5 exd5 8.
dxc5 Nbd7 9. Bd2 Nxc5 10. Be2 Ne6 11. a3 Bc5 12. Nb5 a6 13. Nbd4 Nxd4 14. Nxd4
Bxd4 15. exd4 Ne4 16. O-O Qb6 17. Bb4 Re8 18. f3 Nd6 19. Bxd6 Qxd6 20. Qd2 Bf5
21. Rfe1 Rac8 22. Rac1 h6 23. g3 Kf8 24. Kf2 Rxc1 25. Rxc1 Rc8 26. Rxc8+ Bxc8
27. Qc2 Bd7 28. Qc5 Ke7 29. Ke3 Bc6 30. Bf1 Kd7 31. Bh3+ Kc7 32. f4 b6 33. Qc2
g6 34. Kf2 Qe7 35. Bg2 Kb7 36. h4 Qf6 37. Qd3 Qe6 38. Bf3 Bb5 39. Qb3 Bc6 40.
Qd3 Bb5 41. Qb3 Bc6 42. Qc2 a5 43. b4 axb4 44. axb4 Kb8 45. Qd3 Kc7 46. b5 Bb7
47. h5 Kd7 48. hxg6 fxg6 49. Qe2 Qxe2+ 50. Kxe2 Kd6 51. Bg4 Ke7 52. Kf3 Kf6 53.
Kg2 Ke7 54. Kf2 Kf6 55. Kg2 Ke7 56. Bh3 Kf6 57. Kh2 Ke7 58. Bg4 Kf6 59. Bf3 Ke7
60. Bg2 Kd6 61. Bh3 Ke7 62. Kg2 Kf6 63. Kf3 Ke7 64. f5 g5 65. g4 1/2-1/2

[Event "33 Open Andorra Hotel St.Gothard "]
[Site "Erts-La Massana"]
[Date "2015.07.20"]
[Round "3.10"]
[White "Rudolf, Anna"]
[Black "Kogan, Artur"]
[Result "0-1"]
[WhiteElo "2335"]
[BlackElo "2526"]
[PlyCount "122"]
[EventDate "2015.??.??"]

1. e4 c5 2. Nf3 a6 3. c3 e6 4. d4 d5 5. e5 Bd7 6. Na3 Nc6 7. Be2 f6 8. exf6
Nxf6 9. Bf4 cxd4 10. Nxd4 Bxa3 11. Nxc6 Bxc6 12. bxa3 Qe7 13. Qd4 Qxa3 14. O-O
O-O 15. Be5 Qa4 16. f4 Rac8 17. Qxa4 Bxa4 18. Rab1 b5 19. Rbc1 Rc6 20. Bd3 Nd7
21. Bd4 Rfc8 22. Rce1 g6 23. g4 Rxc3 24. Bxc3 Rxc3 25. Bb1 Kf7 26. Re2 Rc4 27.
h3 b4 28. Rd2 Nf6 29. Bd3 Rc3 30. Kh2 a5 31. Re1 Nd7 32. Bb1 Bc6 33. Rde2 Nc5
34. f5 gxf5 35. gxf5 Ne4 36. fxe6+ Kxe6 37. Rg1 Bb5 38. Rc2 Bc4 39. Rxc3 Nxc3
40. a4 bxa3 41. Bxh7 a2 42. Kg2 Ke5 43. Ra1 d4 44. Kf3 Bd5+ 45. Kf2 Kf4 46. Bd3
a4 47. h4 Bf7 48. Bc2 Bc4 49. h5 Kg5 50. Bg6 a3 51. Rg1+ Kh6 52. Ra1 Na4 53.
Kf3 Nc5 54. Kf4 Bb3 55. Kf3 Bd5+ 56. Kf4 d3 57. Ke3 Bc4 58. Bxd3 Nxd3 59. Rxa2
Bxa2 60. Kxd3 Bb3 61. Kc3 Ba4 0-1

[Event "33 Open Andorra Hotel St.Gothard "]
[Site "Erts-La Massana"]
[Date "2015.07.20"]
[Round "3.11"]
[White "Narciso Dublan, Marc"]
[Black "Garcia, Jhoel"]
[Result "1-0"]
[WhiteElo "2521"]
[BlackElo "2336"]
[PlyCount "65"]
[EventDate "2015.??.??"]

1. d4 Nf6 2. c4 g6 3. Nc3 Bg7 4. e4 d6 5. Be2 O-O 6. Nf3 e5 7. d5 a5 8. Bg5 h6
9. Bh4 Na6 10. Nd2 Qe8 11. O-O Nd7 12. a3 Nb6 13. b3 Bd7 14. Rb1 f5 15. f3 g5
16. Bf2 Rf7 17. Qc2 Nc8 18. b4 axb4 19. axb4 Bf8 20. f4 g4 21. Bg3 Bg7 22. Bd3
exf4 23. Bxf4 fxe4 24. Ncxe4 Ne7 25. b5 Nc5 26. Nxc5 dxc5 27. Bxc7 Qf8 28. Bd6
Bd4+ 29. Kh1 Qg7 30. Nb3 Rxf1+ 31. Rxf1 Be5 32. Bxe5 Qxe5 33. Qf2 1-0

[Event "33 Open Andorra Hotel St.Gothard "]
[Site "Erts-La Massana"]
[Date "2015.07.20"]
[Round "3.12"]
[White "Asis Gargatagli, Hipolito"]
[Black "Silva Rodriguez, Fernando"]
[Result "1-0"]
[WhiteElo "2472"]
[BlackElo "2305"]
[PlyCount "75"]
[EventDate "2015.??.??"]

1. e4 e5 2. Nf3 Nc6 3. Bb5 a6 4. Ba4 Nf6 5. O-O Be7 6. Nc3 b5 7. Bb3 d6 8. a3
O-O 9. d3 Bg4 10. Be3 Na5 11. Ba2 c5 12. Nd5 Nxd5 13. Bxd5 Rc8 14. b4 Nc6 15.
c3 Qb6 16. h3 Bxf3 17. Qxf3 Bf6 18. a4 Ne7 19. Bb3 Qb7 20. axb5 axb5 21. Rfb1
Qc6 22. bxc5 dxc5 23. Ra5 Rfd8 24. Rxb5 Rxd3 25. Rb6 Qe8 26. Rxf6 gxf6 27. Qxf6
Rxe3 28. Qg5+ Ng6 29. Qxe3 c4 30. Bd1 Nf4 31. g3 Nd3 32. Be2 Qc6 33. Rd1 Qa4
34. Qf3 Rc6 35. Bxd3 cxd3 36. Rxd3 Kg7 37. Qf5 Qa5 38. Rd5 1-0

[Event "33 Open Andorra Hotel St.Gothard "]
[Site "Erts-La Massana"]
[Date "2015.07.20"]
[Round "3.13"]
[White "Garcia Trobat, Francisco"]
[Black "Aloma Vidal, Robert"]
[Result "0-1"]
[WhiteElo "2273"]
[BlackElo "2451"]
[PlyCount "94"]
[EventDate "2015.??.??"]

1. d4 Nf6 2. c4 g6 3. Nc3 Bg7 4. e4 d6 5. Nf3 O-O 6. Be2 e5 7. O-O Nc6 8. d5
Ne7 9. a4 a5 10. Ne1 Nd7 11. Nd3 f5 12. f3 f4 13. b3 g5 14. Ba3 b6 15. b4 axb4
16. Bxb4 Nc5 17. a5 c6 18. Bxc5 bxc5 19. Qa4 Bd7 20. Qa3 cxd5 21. cxd5 Ng6 22.
Nf2 h5 23. h3 Nh4 24. a6 Bh6 25. Nb5 g4 26. hxg4 hxg4 27. Nxg4 Bxg4 28. fxg4 f3
29. Bxf3 Bd2 30. g3 Bb4 31. Qe3 c4 32. Kh2 Bc5 33. Qe2 Ng6 34. Bg2 Qb6 35. Qxc4
Rxa6 36. Rxf8+ Nxf8 37. Rf1 Ra5 38. Nc3 Qc7 39. Qe2 Ra3 40. Nb5 Qh7+ 41. Bh3
Re3 42. Qf2 Ng6 43. Qa2 Qb7 44. g5 Nf4 45. gxf4 Qxb5 46. Qa8+ Kg7 47. Be6 Qe2+
0-1

[Event "33 Open Andorra Hotel St.Gothard "]
[Site "Erts-La Massana"]
[Date "2015.07.20"]
[Round "3.14"]
[White "Pulvett Marin, Daniel"]
[Black "Laclau, Daniel"]
[Result "1-0"]
[WhiteElo "2446"]
[BlackElo "2301"]
[PlyCount "101"]
[EventDate "2015.??.??"]

1. d4 Nf6 2. c4 g6 3. Nc3 d5 4. cxd5 Nxd5 5. e4 Nxc3 6. bxc3 Bg7 7. Qa4+ Qd7 8.
Bb5 c6 9. Bd3 O-O 10. Ne2 c5 11. Qxd7 Nxd7 12. Bg5 cxd4 13. cxd4 e5 14. d5 Nc5
15. Bc2 Bd7 16. Kd2 Rfc8 17. Rhc1 b5 18. f3 f6 19. Be3 Bf8 20. h4 a5 21. g4 b4
22. g5 f5 23. exf5 gxf5 24. f4 e4 25. Bd4 Nb7 26. Ng3 Nd6 27. Nh5 Nc4+ 28. Ke1
Bb5 29. Nf6+ Kf7 30. Nxh7 Bd6 31. a4 Ba6 32. Bb3 Bxf4 33. Rc2 Kg6 34. Nf6 e3
35. h5+ Kxg5 36. Rg2+ Kh4 37. d6 Nxd6 38. Bd5 Bb7 39. Bxb7 Nxb7 40. h6 Bg3+ 41.
Ke2 Rc2+ 42. Kf3 Rxg2 43. Kxg2 Nd6 44. Rh1+ Kg5 45. Kxg3 f4+ 46. Kf3 Nf5 47.
Rg1+ Kxh6 48. Be5 Nh4+ 49. Kg4 Ng6 50. Rh1+ Kg7 51. Rh7+ 1-0

[Event "33 Open Andorra Hotel St.Gothard "]
[Site "Erts-La Massana"]
[Date "2015.07.20"]
[Round "3.15"]
[White "Saucey, Michel"]
[Black "Kalegin, Evgenij"]
[Result "0-1"]
[WhiteElo "2268"]
[BlackElo "2445"]
[PlyCount "63"]
[EventDate "2015.??.??"]

1. d4 Nf6 2. Nf3 g6 3. c4 Bg7 4. g3 O-O 5. Bg2 d6 6. Nc3 Nbd7 7. O-O e5 8. e4
exd4 9. Nxd4 Re8 10. h3 a6 11. Re1 Rb8 12. Rb1 Ne5 13. b3 c5 14. Nc2 b5 15.
cxb5 axb5 16. f4 Ned7 17. Qxd6 Nh5 18. Qd3 c4 19. Qf3 cxb3 20. Rxb3 Nc5 21. Rd1
Qa5 22. Ra3 Na4 23. Nd5 b4 24. Rb3 Nc3 25. Ncxb4 Nxd1 26. Qxd1 Be6 27. Ra3 Qc5+
28. Be3 Qc4 29. Bf1 Qc8 30. Bd4 Bxd5 31. Nxd5 Ra8 32. Nb6 {Illegible} 0-1

[Event "33 Open Andorra Hotel St.Gothard "]
[Site "Erts-La Massana"]
[Date "2015.07.20"]
[Round "3.16"]
[White "Barbot, Pierre"]
[Black "Gomez Jurado, Luis Alberto"]
[Result "1-0"]
[WhiteElo "2445"]
[BlackElo "2272"]
[PlyCount "95"]
[EventDate "2015.??.??"]

1. d4 d5 2. c4 e6 3. Nc3 Be7 4. Nf3 Nf6 5. Bf4 c6 6. e3 O-O 7. Bd3 dxc4 8. Bxc4
Nd5 9. Bg3 Nd7 10. O-O N7b6 11. Bd3 g6 12. Ne4 Nf6 13. Nxf6+ Bxf6 14. Rc1 Be7
15. e4 f5 16. Qd2 g5 17. exf5 exf5 18. Be5 g4 19. Ne1 Bg5 20. Bf4 Bxf4 21. Qxf4
Be6 22. Nc2 Nd5 23. Qd2 Qh4 24. Rfe1 Rae8 25. Re5 Rf6 26. g3 Qh3 27. Bf1 Qh5
28. Rce1 Rh6 29. h4 gxh3 30. Kh2 Qg6 31. Ne3 Nf6 32. f3 Qg5 33. Qf2 Kf7 34. Bd3
Nd7 35. Nxf5 Nxe5 36. Rxe5 Kf8 37. d5 Qc1 38. Nxh6 cxd5 39. Ng4 Re7 40. Qe2 h5
41. Nf2 h4 42. Nh1 Qh6 43. Bf5 hxg3+ 44. Nxg3 Kf7 45. Rxe6 Rxe6 46. Qxe6+ Qxe6
47. Bxe6+ Kxe6 48. Kxh3 1-0

[Event "33 Open Andorra Hotel St.Gothard "]
[Site "Erts-La Massana"]
[Date "2015.07.20"]
[Round "3.17"]
[White "Cortes Jurado, Rafael"]
[Black "Abergel, Thal"]
[Result "0-1"]
[WhiteElo "2073"]
[BlackElo "2440"]
[PlyCount "54"]
[EventDate "2015.??.??"]

1. d4 Nf6 2. Nf3 e6 3. c4 c5 4. d5 b5 5. dxe6 fxe6 6. cxb5 d5 7. e3 Bd6 8. b3
O-O 9. Bb2 Nbd7 10. Be2 Qe7 11. Nc3 Bb7 12. O-O e5 13. e4 d4 14. Bc4+ Kh8 15.
Nd5 Nxd5 16. Bxd5 Bxd5 17. exd5 e4 18. Nd2 Qe5 19. g3 Qxd5 20. Qe2 Rae8 21. Qc4
Qh5 22. Rae1 Ne5 23. Qc2 Ng4 24. h4 e3 25. fxe3 Nxe3 26. Rxf8+ Rxf8 27. Qe4
Bxg3 0-1